<?xml version='1.0' encoding='UTF-8'?><?xml-stylesheet href='static/style.xsl' type='text/xsl'?><OAI-PMH xmlns="http://www.openarchives.org/OAI/2.0/" xmlns:xsi="http://www.w3.org/2001/XMLSchema-instance" xsi:schemaLocation="http://www.openarchives.org/OAI/2.0/ http://www.openarchives.org/OAI/2.0/OAI-PMH.xsd"><responseDate>2026-05-01T10:00:56Z</responseDate><request verb="GetRecord" identifier="oai:ebiltegia.mondragon.edu:20.500.11984/5181" metadataPrefix="marc">https://ebiltegia.mondragon.edu/oai/request</request><GetRecord><record><header><identifier>oai:ebiltegia.mondragon.edu:20.500.11984/5181</identifier><datestamp>2024-02-08T15:36:54Z</datestamp><setSpec>com_20.500.11984_1620</setSpec><setSpec>col_20.500.11984_1626</setSpec></header><metadata><record xmlns="http://www.loc.gov/MARC21/slim" xmlns:dcterms="http://purl.org/dc/terms/" xmlns:xsi="http://www.w3.org/2001/XMLSchema-instance" xmlns:doc="http://www.lyncode.com/xoai" xsi:schemaLocation="http://www.loc.gov/MARC21/slim http://www.loc.gov/standards/marcxml/schema/MARC21slim.xsd">
   <leader>00925njm 22002777a 4500</leader>
   <datafield ind2=" " ind1=" " tag="042">
      <subfield code="a">dc</subfield>
   </datafield>
   <datafield ind2=" " ind1=" " tag="720">
      <subfield code="a">CRUE-REBIUN</subfield>
      <subfield code="e">author</subfield>
   </datafield>
   <datafield ind2=" " ind1=" " tag="720">
      <subfield code="a">Mondragon Unibertsitatea</subfield>
      <subfield code="e">author</subfield>
   </datafield>
   <datafield ind2=" " ind1=" " tag="260">
      <subfield code="c">2020</subfield>
   </datafield>
   <datafield ind2=" " ind1=" " tag="520">
      <subfield code="a">- Zer da Mendeley&#xd;
- Mendeleyn kontua egin&#xd;
- Nola funtzionatzen du Mendeleyk&#xd;
- Mendeley Reference Manager instalatu&#xd;
- Mendeley Reference Managerren interfazea&#xd;
- Mendeleyn erreferentziak gorde&#xd;
- Erreferentziak antolatu eta berreskuratu Mendeleyn&#xd;
- Mendeleyn erreferentziak erabili</subfield>
   </datafield>
   <datafield ind2=" " ind1=" " tag="520">
      <subfield code="a">- Qué es Mendeley&#xd;
- Crear una cuenta en Mendeley&#xd;
- Cómo funciona Mendeley&#xd;
- Instalar Mendeley Reference Manager&#xd;
- La interfaz de Mendeley Reference Manager&#xd;
- Almacenar referencias en Mendeley&#xd;
- Organizar y recuperar referencias en Mendeley&#xd;
- Utilizar las referencias de Mendeley</subfield>
   </datafield>
   <datafield ind1="8" ind2=" " tag="024">
      <subfield code="a">https://hdl.handle.net/20.500.11984/5181</subfield>
   </datafield>
   <datafield tag="653" ind2=" " ind1=" ">
      <subfield code="a">Konpetentzia digitalak</subfield>
   </datafield>
   <datafield tag="653" ind2=" " ind1=" ">
      <subfield code="a">Informazioaren kudeaketa</subfield>
   </datafield>
   <datafield tag="653" ind2=" " ind1=" ">
      <subfield code="a">Informazio iturriak</subfield>
   </datafield>
   <datafield tag="653" ind2=" " ind1=" ">
      <subfield code="a">Informazioaren bilaketa eta berreskuraketa</subfield>
   </datafield>
   <datafield tag="653" ind2=" " ind1=" ">
      <subfield code="a">Kudeatzaile bibliografikoak</subfield>
   </datafield>
   <datafield tag="653" ind2=" " ind1=" ">
      <subfield code="a">Competencias digitales</subfield>
   </datafield>
   <datafield tag="653" ind2=" " ind1=" ">
      <subfield code="a">Gestión de información</subfield>
   </datafield>
   <datafield tag="653" ind2=" " ind1=" ">
      <subfield code="a">Fuentes de información</subfield>
   </datafield>
   <datafield tag="653" ind2=" " ind1=" ">
      <subfield code="a">Búsqueda y recuperación de la información</subfield>
   </datafield>
   <datafield tag="653" ind2=" " ind1=" ">
      <subfield code="a">Gestores bibliográficos</subfield>
   </datafield>
   <datafield ind2="0" ind1="0" tag="245">
      <subfield code="a">Konpetentzia digitalak. Graduko ikasleentzako formakuntza materialak: 1. Informazioa eta datuen tratamendua 1. 3. Informazio, datu eta eduki digitalen kudeaketa 1.3.5. Kudeatzaile bibliografikoak: Mendeley</subfield>
   </datafield>
   <datafield ind2="0" ind1="0" tag="245">
      <subfield code="a">Competencias digitales. Materiales de formación para estudiantes de grado: 1. Información y tratamiento de datos 1.3. Gestión de información, datos y contenidos digitales 1.3.5. Gestores bibliográficos: Mendeley</subfield>
   </datafield>
</record></metadata></record></GetRecord></OAI-PMH>